00650 2200229 4500001002100000005001700021008004100038035002400079082001200103090001900115100002800134245008400162250001100246260003000257300001900287500003100306650003200337850001500369980001500384985000600399999001500405YOGYA-0209000006101520090227035856.0 ind  0010-020900000061015 a499.204 a499.204bKri F aKRIDALAKSANA, Hatimurti aFungsi bahasa dan sikap bahasabkumpulan karangancoleh, Harimurti Kridalaksana aCet. 5 aJakartabNusa Indahc1982 a120 hlmc21 cm aBibliografi : hlm. 119-120 aBahasa Indonesia - karangan aYOPDYOG(B) a06-02-2008 a1 aP000018143